[Event "SRB-chT Premier"]
[Site "Bajina Basta"]
[Date "2023.09.25"]
[Round "8.2"]
[White "Perunovic, Milos"]
[Black "Jovanovic, Dusan D"]
[Result "1-0"]
[WhiteElo "2540"]
[BlackElo "2393"]
[PlyCount "89"]
[EventDate "2023.09.18"]
[EventType "team-tourn"]
[EventRounds "11"]
[EventCountry "SRB"]
[SourceTitle "EXT 2024"]
[Source "ChessBase"]
[SourceDate "2023.10.10"]
[SourceVersion "1"]
[SourceVersionDate "2023.10.10"]
[SourceQuality "1"]
[WhiteTeam "Ruma Sloven"]
[BlackTeam "Kostolac Rudar"]
[WhiteTeamCountry "SRB"]
[BlackTeamCountry "SRB"]

1. e4 e5 2. Nf3 Nc6 3. d4 exd4 4. Nxd4 Bc5 5. Nb3 Bb4+ 6. c3 Be7 7. f4 d6 8. N1d2 d5 9. e5 Nh6 10. Bd3 Bf5 11. Nf3 Qd7 12. 0-0 0-0 13. Be3 f6 14. Nc5 Bxc5 15. Bxc5 Rfe8 16. Bb5 a6 17. Ba4 Rad8 18. exf6 b5 19. Bb3 gxf6 20. Nd4 Be4 21. Re1 Na5 22. Qh5 Nxb3 23. axb3 Qg7 24. Re2 Qg6 25. Qxg6+ hxg6 26. Rxa6 Ra8 27. Rc6 Ng4 28. Re1 Ra2 29. h3 Rxb2 30. hxg4 Rxg2+ 31. Kf1 Rxg4 32. Rxf6 Kg7 33. Rc6 Rxf4+ 34. Ke2 Bf5+ 35. Kd2 Rf2+ 36. Re2 Rexe2+ 37. Nxe2 Rf3 38. Rxc7+ Kf6 39. Rc6+ Kg5 40. Be3+ Kg4 41. Nd4 Rh3 42. Nxf5 gxf5 43. Rg6+ Kf3 44. Rh6 Rg3 45. Rh4 1-0

[Event "SRB-chT Premier"]
[Site "Bajina Basta"]
[Date "2023.09.20"]
[Round "3.5"]
[White "Perunovic, Milos"]
[Black "Krstulovic, Alex"]
[Result "1-0"]
[WhiteElo "2540"]
[BlackElo "2432"]
[PlyCount "55"]
[EventDate "2023.09.18"]
[EventType "team-tourn"]
[EventRounds "11"]
[EventCountry "SRB"]
[SourceTitle "EXT 2024"]
[Source "ChessBase"]
[SourceDate "2023.10.10"]
[SourceVersion "1"]
[SourceVersionDate "2023.10.10"]
[SourceQuality "1"]
[WhiteTeam "Ruma Sloven"]
[BlackTeam "Subotica Spartak"]
[WhiteTeamCountry "SRB"]
[BlackTeamCountry "SRB"]

1. e4 e6 2. d4 d5 3. Nc3 Nf6 4. e5 Nfd7 5. f4 c5 6. Nf3 Nc6 7. Be3 Qb6 8. Na4 Qa5+ 9. c3 b6 10. f5 cxd4 11. b4 Nxb4 12. Nxd4 Nxe5 13. fxe6 fxe6 14. Qh5+ Ng6 15. Bb5+ Bd7 16. 0-0 Bxb5 17. cxb4 Qxa4 18. Nxe6 Bxf1 19. Nc7+ Kd8 20. Qxd5+ Kxc7 21. Rc1+ Kb8 22. Qd8+ Kb7 23. Rc7+ Ka6 24. Rxa7+ Kb5 25. Qxb6+ Kc4 26. Qd4+ Kb5 27. Rb7+ Kc6 28. Qd7# 1-0

[Event "MNT CupT"]
[Site "Cetinje"]
[Date "2023.07.11"]
[Round "4.2"]
[White "Skvortsov, Andrei"]
[Black "Perunovic, Milos"]
[Result "1-0"]
[WhiteElo "2307"]
[BlackElo "2547"]
[PlyCount "77"]
[EventDate "2023.07.09"]
[EventType "team-swiss"]
[EventRounds "5"]
[EventCountry "MNE"]
[SourceTitle "CBM 215 Extra"]
[Source "ChessBase"]
[SourceDate "2023.09.30"]
[SourceVersion "1"]
[SourceVersionDate "2023.09.30"]
[SourceQuality "1"]
[WhiteTeam "Dama"]
[BlackTeam "Crnogorac"]
[WhiteTeamCountry "MNE"]
[BlackTeamCountry "MNE"]

1. e4 c5 2. d4 cxd4 3. Qxd4 Nc6 4. Qd3 e6 5. Nc3 a6 6. Qg3 d6 7. Be3 Nf6 8. f4 b5 9. Bd3 Nb4 10. Nge2 Nxd3+ 11. cxd3 g6 12. 0-0 b4 13. Na4 Rb8 14. Nd4 Bd7 15. b3 Bg7 16. Rac1 0-0 17. Nc6 Bxc6 18. Rxc6 Rc8 19. Rxa6 Rc2 20. Nb6 Qc7 21. Qf3 Qc6 22. e5 dxe5 23. fxe5 Qxf3 24. gxf3 Nh5 25. Nc4 Re2 26. d4 Rc8 27. Rf2 Re1+ 28. Kg2 Bf8 29. Bd2 Ra1 30. Rf1 Rxf1 31. Kxf1 Ng7 32. Nd6 Rc2 33. Bxb4 Nf5 34. Ra8 Ne3+ 35. Kg1 Rg2+ 36. Kh1 Rb2 37. h4 Rb1+ 38. Kh2 Rb2+ 39. Kg1 1-0

[Event "AUT-chT2M 2223"]
[Site "Austria"]
[Date "2023.03.04"]
[Round "8.2"]
[White "Berczes, David"]
[Black "Perunovic, Milos"]
[Result "1/2-1/2"]
[WhiteElo "2438"]
[BlackElo "2542"]
[PlyCount "90"]
[EventDate "2022.09.30"]
[EventType "team-tourn"]
[EventRounds "11"]
[EventCountry "AUT"]
[SourceTitle "CBM 213 Extra"]
[Source "ChessBase"]
[SourceDate "2023.05.31"]
[SourceVersion "1"]
[SourceVersionDate "2023.05.31"]
[SourceQuality "1"]
[WhiteTeam "Gamlitz"]
[BlackTeam "Pinggau Friedberg"]
[WhiteTeamCountry "AUT"]
[BlackTeamCountry "AUT"]

1. d4 Nf6 2. Nf3 e6 3. Bf4 c5 4. e3 cxd4 5. exd4 b6 6. Bd3 Ba6 7. Bxa6 Nxa6 8. 0-0 Be7 9. c4 Rc8 10. Ne5 Nb8 11. d5 d6 12. Qa4+ Nfd7 13. Nxd7 Qxd7 14. Qxd7+ Nxd7 15. dxe6 fxe6 16. Na3 0-0 17. Bg3 d5 18. cxd5 exd5 19. Nb5 Rc2 20. Rab1 Bf6 21. Rfd1 Bxb2 22. Nxa7 Nf6 23. Nc6 Ba3 24. Nb4 Bxb4 25. Rxb4 Ne4 26. f3 Nc3 27. Re1 d4 28. Be5 Re8 29. Kf1 Nxa2 30. Rxd4 Re7 31. f4 b5 32. Red1 b4 33. Rd7 Kf7 34. Rxe7+ Kxe7 35. Rd3 Nc1 36. Rh3 b3 37. Bxg7 b2 38. Bxb2 Rxb2 39. Rxh7+ Kf6 40. Rh5 Nd3 41. g3 Nxf4 42. gxf4 Rb4 43. f5 Rf4+ 44. Kg2 Rxf5 45. Rxf5+ Kxf5 1/2-1/2

[Event "Belgrade Gligoric Trophy Gp-C"]
[Site "Belgrade"]
[Date "2023.02.06"]
[Round "6"]
[White "Sanal, Vahap"]
[Black "Perunovic, Milos"]
[Result "0-1"]
[WhiteElo "2590"]
[BlackElo "2554"]
[PlyCount "102"]
[EventDate "2023.02.06"]
[EventType "tourn (rapid)"]
[EventRounds "6"]
[EventCountry "SRB"]
[EventCategory "10"]
[SourceTitle "CBM 212 Extra"]
[Source "ChessBase"]
[SourceDate "2023.03.31"]
[SourceVersion "1"]
[SourceVersionDate "2023.03.31"]
[SourceQuality "1"]

1. e4 c5 2. Nf3 Nc6 3. Bb5 e6 4. 0-0 Nge7 5. Re1 b6 6. c3 a6 7. Bf1 d5 8. exd5 Nxd5 9. d4 cxd4 10. cxd4 Be7 11. Nc3 0-0 12. Bd3 Bb7 13. a3 Rc8 14. Qe2 b5 15. Qe4 Nf6 16. Qh4 Re8 17. Be3 Na5 18. Ne5 Nc4 19. Nxc4 bxc4 20. Bc2 g6 21. Ba4 Bc6 22. Bxc6 Rxc6 23. Bg5 Rd6 24. Rad1 Nd5 25. Ne4 Rb6 26. Rc1 f6 27. Bh6 Rxb2 28. Rxc4 Qa5 29. Rec1 Qxa3 30. h3 Rb4 31. Rc8 Rb8 32. R8c6 f5 33. Ng5 Bf6 34. Re1 Qb4 35. Rexe6 Rxe6 36. Rxe6 Qxd4 37. Qg3 Nf4 38. Re1 Rc8 39. Nf3 Nh5 40. Qh2 Qc5 41. h4 a5 42. Bg5 Bxg5 43. hxg5 a4 44. Qh4 Qc4 45. Qh2 Qf4 46. Qh3 Rc1 47. Rxc1 Qxc1+ 48. Kh2 a3 49. Ng1 Qf4+ 50. Kh1 Ng3+ 51. fxg3 Qg4 0-1

[Event "Belgrade Vucicevic Memorial"]
[Site "Belgrade"]
[Date "2022.11.11"]
[Round "8"]
[White "Djordjevic, Vuk D"]
[Black "Perunovic, Milos"]
[Result "1-0"]
[WhiteElo "2394"]
[BlackElo "2541"]
[PlyCount "115"]
[EventDate "2022.11.11"]
[EventType "swiss (blitz)"]
[EventRounds "13"]
[EventCountry "SRB"]
[SourceTitle "EXT 2024"]
[Source "ChessBase"]
[SourceDate "2023.10.10"]
[SourceVersion "1"]
[SourceVersionDate "2023.10.10"]
[SourceQuality "1"]

1. d4 d5 2. c4 c6 3. Nf3 Nf6 4. Nc3 e6 5. cxd5 exd5 6. Bg5 Be7 7. e3 Bf5 8. Be2 Nbd7 9. 0-0 0-0 10. Nh4 Be6 11. Qc2 h6 12. Bxf6 Bxf6 13. Nf5 Nb6 14. a4 a5 15. Rab1 Qd7 16. Bd3 Nc4 17. Ng3 Nd6 18. b4 axb4 19. Rxb4 Rfc8 20. Nce2 Be7 21. Rfb1 Ra7 22. Nf4 Nc4 23. Bxc4 Bxb4 24. Rxb4 dxc4 25. Ne4 b5 26. Nc5 Bf5 27. Qa2 Qe7 28. Ne2 Rca8 29. Nc3 bxa4 30. Qa3 Bd3 31. h3 Kh7 32. Rxa4 Rxa4 33. N3xa4 Bc2 34. Qc3 Bxa4 35. Nxa4 Qe6 36. Nc5 Qd5 37. e4 Qg5 38. g3 Ra2 39. Qxc4 Ra7 40. Qe2 Qd8 41. Qd3 Ra1+ 42. Kg2 g6 43. Qf3 Kg7 44. Qc3 Ra7 45. Nd3 Kg8 46. Ne5 Qe8 47. Qxc6 Qd8 48. Qc4 Re7 49. Nc6 Rc7 50. d5 Qf6 51. Qd3 Rd7 52. Qe3 Kh7 53. Qf4 Qg7 54. Ne5 Re7 55. Ng4 Qd4 56. d6 Rd7 57. Nf6+ Kg7 58. Nxd7 1-0